Detalles MARC
| 000 -LIDER |
| fixed length control field |
01390cam a2200349 a 4500 |
| 001 - NÚMERO DE CONTROL |
| Identificador de número de control |
|
| 003 - IDENTIFICACDOR DE NÚMERO DE CONTROL |
| control field |
DO-SdBNP |
| 005 - DATE AND TIME OF LATEST TRANSACTION |
| control field |
20220304101328.0 |
| 007 - CAMPOS FIJOS DE DESCRIPCIÓN FÍSICA |
| fixed length control field |
|
| 008 - ELEMENTOS DE LONGITUD FIJA |
| fixed length control field |
020930s2017 dr a 000 1 spa |
| 010 ## - NUMERO DE CONTROL DE BIBLIOTECA DEL CONGRESO |
| LC control number |
|
| 020 ## - ISBN |
| International Standard Book Number |
9789945492989 |
| 040 ## - FUENTE DE CATALOGACIÓN |
| Agencia que crea de manera original el registro |
BPMSU |
| Agencia que realiza la transcripción |
spa |
| Idioma de catalogación |
BPMSU |
| 082 ## - NÚMERO DE CLASIFICACIÓN DECIMAL DE DEWEY |
| Classification number |
RD863.5 |
| Item number |
F356v |
| Edition number |
22 |
| 111 2# - ASIENTO PRINCIPAL--NOMBRE DE REUNIÓN O CONFERENCIA |
| Nombre de reunión o jurisdicción como elemento de entrada |
Feria Regional del Libro Hato Mayor |
| Número de la parte, sección o reunión |
(12a. : |
| Fecha de la reunión |
2016 ; |
| Lugar de la reunión |
Hato Mayor, República Dominicana ) |
| 245 10 - MENCIÓN DE TITULO |
| Título |
Voces del este : |
| Subtítulo |
cuentos gandores del Certamen de la Región Este / |
| Mención de responsabilidad |
Esmarlin Moreta...[y otros] |
| 246 13 - VARIACION DEL TÍTULO |
| Título propiamente dicho o título corto |
Voces del este |
| 246 13 - VARIACION DEL TÍTULO |
| Título propiamente dicho o título corto |
Certámen de la región este |
| 260 ## - PUBLICACIÓN, DISTRIBUCIÓN, ETC. (PIE DE IMPRENTA) |
| Lugar de publicación, distribución, etc |
Santo Domingo : |
| Nombre del editor, distribuidor, etc. |
Feria Regional de Hato Mayor, |
| Fecha de publicación, distribución, etc |
2017 |
| 300 ## - DESCRIPCIÓN FÍSICA |
| Extensión |
35 p. : |
| Otros detalles físicos |
il. ; |
| Dimensiones |
21 cm. |
| 490 0# - MENCIÓN DE SERIES |
| Mención de serie |
Narrativa |
| 500 ## - NOTA GENERAL |
| Materiales especificados |
Jurado Avelino Stanley, Nan Chavalier y Rafael Peralta Romero |
| 505 0# - NOTA DE CONTENIDO |
| Título |
Primer lugar : Jabel /Melissa Berroa -- Segundo lugar : La obra maestra / Natacha Tatlle -- Tercer lugar : La trampa / Luis Rodríguez Delfín -- Mensiones Los aboltos de las tinieblas / Jonás Sánchez Paulino -- La apuesta / Luis Rodríguez Delfín. |
| Texto normalizado de contenido |
|
| 590 ## - NOTA LOCAL |
| Enlace |
Inventariado, 2021/VM |
| 650 #4 - ENCABEZAMIENTO DE MATERIA--TEMÁTICO |
| Término temático o nombre geográfico como elemento de entrada |
Certámenes literarios |
| Subdivisión geográfica |
Hato Mayor (República Dominicana) |
| 650 #4 - ENCABEZAMIENTO DE MATERIA--TEMÁTICO |
| Término temático o nombre geográfico como elemento de entrada |
Literatura dominicana |
| 650 #4 - ENCABEZAMIENTO DE MATERIA--TEMÁTICO |
| Término temático o nombre geográfico como elemento de entrada |
Cuentos dominicanos |
| Subdivisión de forma |
Concursos |
| 650 #4 - ENCABEZAMIENTO DE MATERIA--TEMÁTICO |
| Término temático o nombre geográfico como elemento de entrada |
|
| 700 1# - ASIENTO SECUNDARIO -- NOMBRE PERSONAL |
| Nombre personal |
Moreta, Esmarlin |
| 910 ## - VALIDACIÓN |
| Validación |
VMateo |
| 942 ## - ADDED ENTRY ELEMENTS (KOHA) |
| Source of classification or shelving scheme |
Dewey Decimal Classification |
| Koha item type |
Libros |